000 00651nam a2200241Ia 4500
003 OSt
005 20220928104634.0
006 a|||||r|||| 00| 0
007 ta
008 220927b |||||||| |||| 00| 0 eng d
024 _a65878
037 _cTextual
040 _aSDCL
_cSDCL
_beng
041 _2eng
_aeng
082 _aX:(G:55).1'P, P5
100 _aAhluwalia S K
_9411434
245 0 _aInternational environment policy
260 _aJaipur
_bA B D Publishers
_c2005
300 _a296p
_ccm.
650 _aEnvironment Economics
_9404299
942 _hX:(G:55).1'P, P5
_cTEXL
_2CC
999 _c727107
_d727107